Culture Générale - Série 138 - Statistiques

Statistiques générales
  • Ce quiz a été pris 324 fois
  • Le résultat moyen est 4 sur 10
Statistiques - réponses
Question Réponse % Correct
A quel genre d'articles appartiennent "un" et "une" ? Articles indéfinis
67%
Quel acteur conduit le "Taxi" produit par Luc Besson en 1998, 2000 et 2003 ? Samy Naceri
63%
Selon le proverbe, qui est roi "au royaume des aveugles" ? Les borgnes
61%
Quel nom désigne le fil incandescent d'une ampoule électrique ? Filament
44%
Qui chante le tube intitulé "Je te survivrai" ? Jean-Pierre François
42%
De quel courant musical Buddy Holly est-il l'un des pionniers ? Rock'n'roll
40%
Dans quel sport Emilie Le Pennec fut-elle championne olympique ? Gymnastique
35%
En 2005-2006, quel imitateur "flingue la télé" dans son spectacle ? Laurent Gerra
35%
En 1983, qui chantait qu'il avait un "succès fou" avec les filles ? Christophe
28%
A quel groupe doit-on le tube "Cherchez le garçon" en 1980 ? Taxi-Girl
14%
Aucun quiz correspondant
Distribution des résultats
% des personnes avec chaque résultat
Percentile par nombre de réponses
Votre historique - résultats
Vous n’avez pas pris ce quiz